000 01806cam a22004454i 4500
003 PE-LiUPU
005 20250731173010.0
008 150616s r 000 0 d
035 _a(Sirsi) a2266
040 _aPE-LiUPU
_bspa
_cPE-LiUPU
_erda
049 _aPRUA
082 0 4 _a270.9
_bG69
_221
100 1 _aGonzález, Justo L.,
_eautor.
245 1 0 _aY hasta lo último de la tierra :
_bUna historia ilustrada del cristianismo: La era de los conquistadores.
_n7 /
_cJusto L. González.
264 1 _aMiami :
_bEditorial Caribe,
_c1980.
300 _a217 páginas :
_bilustraciones gráfs., mapas, fotos ;
_c21 cm.
336 _atext
_2rdacontent
337 _aunmediated
_2rdamedia
338 _avolume
_2rdacarrier
505 0 _aIsabel la católica -- Un nuevo mundo -- La justificación de la empresa -- La empresa antillana -- La serpiente emplumada -- Castilla del oro -- Nueva Granada -- Los hijos del sol -- La Florida -- El virreinato de La Plata -- Los portugueses en Africa -- Hacia donde nace el sol -- El Brasil -- La cruz y la espada.
526 _aSEG42
526 _aSEG41
526 _aSEG40
526 _aSEG39
526 _aP94
526 _aP87
526 _aP86
526 _aP85
526 _aP77
526 _aP76
526 _aP35
650 0 4 _aIglesia
_xHistoria.
910 _ajck
_bjvq
_cjck
942 _2ddc
_cBOOK
949 _a270.9 G69 7
_wDEWEY
_c1
_i20119
_lCCODEBUL1
_mBUL
_p00.00
_r0
_sY
_tBOOK
_u19820512
_xTEOLOGIA
_zUNKNOWN
_0COMPRA
_o.STAFF. Colección General
994 _aC0
_bPEPRU
596 _a1
999 _a270.9 G69 7
_wDEWEY
_c23255
_i20119
_d23255
_f2021-11-11
_g5
_lCCODEBUL1
_mBUL
_q2
_r0
_sY
_tBOOK
_u2015-6-16
_xTEOLOGIA
_zUNKNOWN
_0COMPRA
_o.STAFF. Colección General
980 _81
_gALBERTO SANCHEZ Responsable de Automatización